Over/Under: History Quiz Stats

 Plays Quiz Updated Nov 21, 2018

Challenge
Share
Tweet
Embed
Score 0/24 Timer 03:00
4 Plays Today
Question and Number Over or Under % Correct
Assassinated U.S. Presidents: 5???
85.4%
Men who have walked on the moon: 17???
85.3%
Passengers on the Titanic: 1,178???
85.1%
Popes named Benedict: 23???
82.4%
Wives of Henry VIII: 5???
82.2%
English Kings named Henry: 10???
77.8%
Length, in days, of World War I: 1095???
77.7%
Non-Americans killed on 9-11: 158???
73.6%
Americans killed at Pearl Harbor: 1,241???
72.7%
Days W.H. Harrison was president: 60???
72.2%
States in the U.S. Confederacy: 13???
71.3%
Nations at first U.N. General Assembly: 75???
71.2%
Question and Number Over or Under % Correct
New World voyages of Columbus: 6???
70.1%
Planes shot down by Red Baron: 60???
67.1%
Theses of Martin Luther: 85???
65.8%
U.S. Presidents named James: 4???
65.2%
Names on Schindler's List: 512???
63.6%
Original Canadian provinces: 6???
63.2%
Nations represented at 1896 Olympics: 27???
62.2%
Length, in years, of hundred years war: 100???
56.4%
Indian Prime Ministers named Gandhi: 4???
54.7%
Members of House of Commons (UK): 435???
51.7%
Years the Berlin Wall stood: 37???
44.9%
Space Shuttle Launches: 103???
42.4%

You're not logged in!

Compare scores with friends on all Sporcle quizzes.
OR
Log In

You Might Also Like...

Show Comments

Extras

Top Quizzes Today


Score Distribution

Your Account Isn't Verified!

In order to create a playlist on Sporcle, you need to verify the email address you used during registration. Go to your Sporcle Settings to finish the process.

Report this User

Report this user for behavior that violates our Community Guidelines.

Details: